Statistics for Russian Tanks | During WW2

Click here to take the quiz!

General Stats

  • This quiz has been taken 501 times
  • The average score is 16 of 34

Answer Stats

Answer% Correct
T-34
100%
KV-1
94%
KV-2
94%
IS-2
86%
IS-1
82%
T-34-85
82%
SU-100
69%
SU-85
68%
SU-152
63%
ISU-152
60%
SU-76
59%
T-44
58%
T-60
57%
T-70
57%
SU-122
54%
KV-1S
52%
T-80
51%
KV-5
49%
ISU-122
47%
KV-85
46%
T-40
44%
SU-100Y
43%
SMK
37%
ZiS-30
33%
T-100
21%
SU-101
20%
SU-18
20%
KV-13
18%
AT-1
15%
SU-76I
15%
SU-5-1
14%
T-34M
9%
SU-14-2
7%
SU-5-2
7%

Score Distribution

Percentile by Number Answered

Percent of People with Each Score

Your Score History

You have not taken this quiz